000
00320nam a22001457a 4500
003
Macl
005
20241020121628.0
008
241020b |||||||| |||| 00| 0 eng d
040
_c
Macl
082
_a
004
100
_a
Ahilya,Rani
_9
82620
245
_a
Lucent Computer
650
_a
COMPUTER
942
_2
ddc
_c
C. BOOKS
999
_c
67280
_d
67280